| 000 | 02067nam a2200361 c 4500 | ||
|---|---|---|---|
| 003 | BLK | ||
| 005 | 20180420220250.0 | ||
| 008 | 180407b bul|||||r ||||||| ||bul|| | ||
| 010 | _aKNG00031562000 | ||
| 040 | _aBLK | ||
| 041 |
_aBUL _cBUL |
||
| 080 |
_aСъдебни лица, юристи, съдебни изпълнители(лица, действащи в гражданско съдопроизводство)-Нотариуси, съдии, прокуратура, прокурори, пълномощници, адвокати и др. _b347.96 _x(497.2) _z347.96(497.2) |
||
| 080 |
_aСобственост. Приватизация и реституция (правни проблеми) -Придобиване, прехвърляне, загуба на собственост, съсобственост, ограничаване на правото на собственост и др. _b347.23 _x(497.2) _z347.23(497.2) |
||
| 100 | 1 |
_aБешков, Панчо Георгиев _eпърви автор _9258476 |
|
| 139 |
_aБешков, Панчо Георгиев _bБ 43 |
||
| 245 | 1 | 0 |
_aБългарско нотариално право _bКн. 1 - За том: Т. 1-2 _cПанчо Георгиев Бешков. _nКн. 2 _pНотариални производства |
| 257 | _aBGR | ||
| 260 |
_аСофия _bФенея _c1997 - _fСофия : Скала |
||
| 300 | _c21 см | ||
| 380 | _a3 | ||
| 650 | 4 |
_aНотариат - България _9267628 |
|
| 650 | 4 |
_aНотариални актове - във вещното право - България _9260573 |
|
| 653 | _aнотариални актове | ||
| 653 | _aнотариат | ||
| 653 | _aвещно право | ||
| 653 | _aБългария | ||
| 760 | 1 |
_aБешков, Панчо Георгиев _d1999 _gТ. 1. Конститутивни нотариални актове _h298 с. _tКн. 2 Нотариални производства |
|
| 852 | _aЦб 194860 | ||
| 856 | 4 |
_qpdf _u |
|
| 856 | 4 |
_qpdf _u |
|
| 942 |
_cKNG _n0 |
||
| 944 |
_aCR _c15.01.2003 _kКети_Илиева |
||
| 944 |
_aED _c04.01.2013 _k |
||
| 999 |
_c28957 _d28957 |
||